• 首页
  • 本馆介绍
  • 公告通知
  • 最新文献
  • 馆藏检索
  • 电子资源
  • 读者导购
  • 参考咨询
  • 我的图书馆
  • 登录
  • 详细信息显示
  • 放入我的书架
  • 预约/预借图书
  • 作者相关作品
  • 分类相关作品
  • 丛书相关作品
  • 出版社相关作品

书目信息

  • 表格格式
  • 工作单格式
  • 卡片格式
题名:
监理理论分册
    
 
作者: 魏道升 , 黄显贵 , 范智杰 主编
分册:  
出版信息: 北京   人民交通出版社  2006.03
页数: 101页
开本: 26cm
丛书名: 公路工程监理工程师执业资格考试应试辅导系列
单 册:
中图分类: U415.1
科图分类:
主题词: 道路工程--施工监督--考核--自学参考资料 , 道路工程 , 施工监督
电子资源:
ISBN: 7-114-05961-2
000 01087nam0 2200313 450
001 003143784
005 20060706160739.0
010    @a7-114-05961-2@dCNY16.00
100    @a20060429d2006 em y0chiy0110 ea
101 0  @achi
102    @aCN@b110000
105    @ay zq 000yy
106    @ar
200 1  @a监理理论分册@Ajian li li lun fen ce@e2006年版@f魏道升,黄显贵,范智杰主编
210    @a北京@c人民交通出版社@d2006.03
215    @a101页@d26cm
225 2  @a公路工程监理工程师执业资格考试应试辅导系列
330    @a本书对公路工程监理理论部分考试内容进行了考点分析,给出了部分例题。同时书中附有综合复习题、模拟试题、历年考题以及参考答案。
410  0 @12001 @a公路工程监理工程师执业资格考试应试辅导系列
606 0  @a道路工程@x施工监督@x考核@j自学参考资料
606 0  @a道路工程
606 0  @a施工监督
690    @aU415.1@v4
701  0 @a魏道升@Awei dao sheng@f(1955~)@4主编
701  0 @a黄显贵@Ahuang xian gui@f(1964~)@4主编
701  0 @a范智杰@Afan zhi jie@f(1967~)@4主编
801  0 @aCN@bJiuFeng@c20060707
905   @aBZT@dU415.1@e10@f10
906    @dCNY16.00@n0@r1
    
    监理理论分册:2006年版/魏道升,黄显贵,范智杰主编.-北京:人民交通出版社,2006.03
    101页;26cm.-(公路工程监理工程师执业资格考试应试辅导系列)
    
    
    ISBN 7-114-05961-2:CNY16.00
    本书对公路工程监理理论部分考试内容进行了考点分析,给出了部分例题。同时书中附有综合复习题、模拟试题、历年考题以及参考答案。
●
相关链接 在五车中查询图书 在当当中查询图书 在豆瓣中查询图书


正题名:监理理论分册     索取号:U415.1/10         预约/预借

序号 登录号 条形码 馆藏地/架位号 状态 备注
1 742080   2000742080   中心书库北库/ 北库040架A面2列4层73/ [索取号:U415.1/10] 在馆    
2 742081   2000742081   中心书库北库/ 北库040架A面2列4层74/ [索取号:U415.1/10] 在馆    
3 742082   2000742082   中心书库北库/ 北库040架A面2列4层75/ [索取号:U415.1/10] 在馆    
4 742083   2000742083   中心书库北库/ 北库040架A面2列4层76/ [索取号:U415.1/10] 在馆    
5 742084   2000742084   中心书库北库/ 北库040架A面2列4层68/ [索取号:U415.1/10] 在馆    
6 742085   2000742085   中心书库北库/ 北库040架A面2列4层69/ [索取号:U415.1/10] 在馆    
7 742086   2000742086   中心书库北库/ 北库040架A面2列4层70/ [索取号:U415.1/10] 在馆    
8 742087   2000742087   中心书库北库/ 北库040架A面2列4层71/ [索取号:U415.1/10] 在馆    
9 742088   2000742088   中心书库北库/ 北库040架A面2列4层77/ [索取号:U415.1/10] 在馆    
10 742089   2000742089   中心书库北库/ 北库040架A面2列4层72/ [索取号:U415.1/10] 在馆    
山东省滨州职业学院图书馆 欢迎您!
大连网信软件有限公司© 版权所有